000 00441nam a2200169Ia 4500
003 GCL
008 140319s9999 xx 000 0 eng d
040 _aGCL /
_cGCL
082 0 4 _a006.6
_bM P
100 1 _aMILNO
245 1 0 _aPRESENTATION GRAPHICS FOR ENGINEERING, SCIENCE AND BUSINESS /
_cMILNO
260 _a[S.N] :
_bE & FN SPON ،
_c1992
300 _a179 P
650 0 4 _aCERAPHICS
650 0 4 _aCOMPUTER GRAPHICS
942 _2ddc
_cBK
999 _c25074
_d25074